Séries technologiques au lycée (abréger) - Statistiques

Statistiques générales
  • Ce quiz a été pris 198 fois
  • Le résultat moyen est 4 sur 8
Statistiques - réponses
Réponses % Correct
STMG
95%
STI2D
90%
ST2S
69%
STL
55%
STHR
29%
STAV
23%
STD2A
23%
S2TMD
10%
Aucun quiz correspondant
Distribution des résultats
% des personnes avec chaque résultat
Percentile par nombre de réponses
Votre historique - résultats
Vous n’avez pas pris ce quiz